As ilhas mais populosas do mundo - Statistics

Estatísticas Gerais
  • Esse quiz foi jogado 24 vezes
  • A pontuação média é 9 de 20
Estatísticas das Respostas
Países População Ilha % Correto
Taiwan 23.8 mi Ilha Formosa
81%
Cuba 11.3 mi Cuba
76%
Irlanda 7.0 mi Irlanda
76%
Singapura 5.8 mi Singapura
71%
Indonésia 148.7 mi Java
67%
Madagascar 28.4 mi Madagascar
67%
Indonésia, Brunei, Malásia 23.7 mi Bornéu
62%
Sri Lanka 21.9 mi Sri Lanka
62%
Haiti, Rep. Dominicana 22.2 mi Hispaniola
57%
Indonésia 59.1 mi Sumatra
52%
Reino Unido 66.3 mi Grã-Bretanha
48%
Japão 102.5 mi Honshu
38%
Papua-Nova Guiné, Indonésia 14.8 mi Nova Guiné
33%
Filipinas 64.2 mi Luzon
29%
Indonésia 20.1 mi Celebes
19%
Estados Unidos 8.0 mi Long Island
19%
Filipinas 27.0 mi Mindanau
19%
Japão 12.3 mi Kyushu
14%
China 10.0 mi Hainan
10%
Índia 23.7 mi Salsete
5%
Nenhum quiz correspondente encontrado
Distribuição das Pontuações
Porcentagem de Pessoas com Cada Pontuação
Percentil de Números Respondidos
Sua Pontuação Histórica
Você não jogou esse quiz